LEADER 01046nam a2200301 i 4500 001 991000748959707536 005 20020507173100.0 008 980130s1971 us ||| | eng 020 $a3540054766 035 $ab10751944-39ule_inst 035 $aLE01301714$9ExL 040 $aDip.to Matematica$beng 082 0 $a003.54 084 $aAMS 94B 100 1 $aLint, Jacobus Hendricus :$cvan$055409 245 10$aCoding theory /$cJacobus H. van Lint 260 $aBerlin ; New York :$bSpringer-Verlag,$c1971 300 $avi, 136 p. :$bill. ;$c26 cm 490 0 $aLecture notes in mathematics,$x0075-8434 ;$v201 500 $aBibliography: p. [130]-131 650 0$aCoding theory 650 0$aTheory of error-correcting codes 907 $a.b10751944$b23-02-17$c28-06-02 912 $a991000748959707536 945 $aLE013 94B LIN11 (1971)$g1$i2013000094830$lle013$o-$pE0.00$q-$rl$s- $t0$u0$v0$w0$x0$y.i10844995$z28-06-02 996 $aCoding theory$9332470 997 $aUNISALENTO 998 $ale013$b01-01-98$cm$da $e-$feng$gus $h0$i1